|
|
|
|
| LEADER |
02185nam a2200577 a 4500 |
| 001 |
nkc20142651181 |
| 003 |
CZ PrNK |
| 005 |
20180215075613.0 |
| 007 |
ta |
| 008 |
150415s2014 xr abche 001 0 cze |
| 015 |
|
|
|a cnb002651181
|
| 020 |
|
|
|a 978-80-87108-54-3
|q (brož.)
|
| 035 |
|
|
|a (OCoLC)910987895
|
| 040 |
|
|
|a ABA001
|b cze
|
| 043 |
|
|
|a e-xr---
|b e-xr-pg
|2 czenas
|
| 045 |
|
|
|a x4x8
|
| 072 |
|
7 |
|a 7.01/.09
|x Umění
|2 Konspekt
|9 21
|
| 080 |
|
|
|a 7.038.531
|2 MRF
|
| 080 |
|
|
|a (437.311)
|2 MRF
|
| 080 |
|
|
|a (048.8)
|2 MRF
|
| 080 |
|
|
|a (084.12)
|2 MRF
|
| 100 |
1 |
|
|a Morganová, Pavlína,
|d 1974-
|7 xx0000417
|4 aut
|
| 245 |
1 |
0 |
|a Procházka akční Prahou :
|b akce, performance, happeningy 1949-1989 /
|c Pavlína Morganová
|
| 246 |
3 |
0 |
|a Akce, performance, happeningy 1949-1989
|
| 260 |
|
|
|a Praha :
|b VVP AVU,
|c 2014
|
| 300 |
|
|
|a 495 s. :
|b il., mapy, portréty, faksim. ;
|c 18 cm
|
| 490 |
1 |
|
|a Dokumenty
|
| 500 |
|
|
|a 500 výt.
|
| 500 |
|
|
|a Chronologický přehled
|
| 504 |
|
|
|a Obsahuje bibliografii, bibliografické odkazy a rejstříky
|
| 648 |
|
7 |
|a 1949-1989
|7 ch969068
|2 czenas
|
| 648 |
|
7 |
|a 20. století
|7 ch460558
|2 czenas
|
| 650 |
0 |
7 |
|a akční umění
|7 ph118335
|z Česko
|y 20. století
|2 czenas
|
| 650 |
0 |
7 |
|a performance (umění)
|7 ph124034
|z Česko
|y 20. století
|2 czenas
|
| 650 |
0 |
7 |
|a happening (umění)
|7 ph120645
|z Česko
|y 20. století
|2 czenas
|
| 650 |
0 |
9 |
|a action art
|z Czechia
|y 20th century
|2 eczenas
|
| 650 |
0 |
9 |
|a performance art
|z Czechia
|y 20th century
|2 eczenas
|
| 650 |
0 |
9 |
|a happening (art)
|z Czechia
|y 20th century
|2 eczenas
|
| 651 |
|
7 |
|a Praha (Česko)
|7 ge118011
|2 czenas
|
| 651 |
|
9 |
|a Prague (Czechia)
|2 eczenas
|
| 655 |
|
7 |
|a přehledy
|7 fd133202
|2 czenas
|
| 655 |
|
7 |
|a fotografické publikace
|7 fd132276
|2 czenas
|
| 655 |
|
9 |
|a surveys
|2 eczenas
|
| 655 |
|
9 |
|a photographical works
|2 eczenas
|
| 810 |
2 |
|
|a Akademie výtvarných umění v Praze.
|t Dokumenty
|0 s
|
| 910 |
2 |
|
|a BOA001
|b 1-1346.019
|
| 928 |
9 |
|
|a Akademie výtvarných umění v Praze, Vědecko-výzkumné pracoviště
|
| 990 |
|
|
|a BK
|
| 995 |
|
|
|a 01
|
| 991 |
|
|
|b 201505
|c NOV
|e n
|
| 996 |
6 |
|
|b 2610631517
|c 1-1346.019
|l MZK
|r Sklad / do 1 hodiny
|n 14
|p p.v.
|w 001502831
|u 000010
|a 1
|e BOA001
|j MZK50
|s P
|